000 00461nam a22001577a 4500
003 OSt
008 260421b |||||||| |||| 00| 0 eng d
082 _a635.21
_bS48S
100 _aSingh, Amresh Kumar
245 _aStudies on The Effects of Soaking Potato Seed Tubers in Phosphate Solution on Growth and Yield of Potatao
260 _aPusa, Samastipur
_bRAU, Pusa
_c1977
300 _a72P.
502 _bMsc.
_d1977
650 _aHorticulture
942 _2ddc
_cT
999 _c50101
_d50101